000 01016nam a22002891 4500
001 36528
003 BD-RjUL
005 20211209052511.0
008 140625s1943 enkab 000 0 eng d
035 _a(BD-RjUL)36628
035 _a(OCoLC)170778
040 _aDLC
_cODaWU
_dOCoLC
_dDLC
_dBD-RjUL
_beng
041 _aeng
082 _a304.6042
_bSHP 1943
100 1 _aShannon, Herbert Austin,
_d1900-
_9111219
245 1 4 _aThe population of Bristol /
_cH. A. Shannon & E. Grebenik.
260 _aCambridge [Eng.] :
_bThe University Press,
_c1943.
300 _a3 p. l., 92, [2] p. incl. tables. :
_bill. ;
_c24 cm.
490 1 _aThe National Institute of Economic and Social Research. Occasional papers. II
651 0 _aBristol (England)
_xPopulation.
_9111220
830 0 _v2.
_9111224
700 1 _aGrebenik, E.
_ejoint author.
_9111222
830 0 _aOccasional papers (National Institute of Economic and Social Research) ;
_9111225
942 _2ddc
_cBK
999 _c36528
_d36528